000 00817nam a2200253Ia 4500
003 OSt
005 20221005111743.0
006 a|||||r|||| 00| 0
007 ta
008 221004b |||||||| |||| 00| 0 hin d
024 _a107453
037 _cTextual
040 _aCRL
_cCRL
_bhin
041 _2hin
_ahin
082 _aO142,3N07,1, 152K5
100 _aयेफ्रे़मोव, इवान
245 0 _aओइकुमेना
246 _aOikumenā
260 _aमास्को
_bविदेशी भाषा प्रकाशन गृह रूस
_c1965
300 _a448पृ0
_ccm.
650 _aरशियन साहित्य
942 _hO142,3N07,1, 152K5
_cTEXL
_2cc
999 _c1022784
_d1022784